[Event "Kandidatklassen"]
[Site "Taastrup"]
[Date "1998.??.??"]
[Round "6"]
[White "Antonsen, Mikkel"]
[Black "Fuglsang, Flemming"]
[Result "1-0"]
[WhiteElo "2405"]
[BlackElo "2280"]
[PlyCount "103"]
[EventDate "1998.??.??"]
[EventType "swiss"]
[EventRounds "7"]
[EventCountry "DEN"]
[Source "ChessBase"]
[SourceDate "1999.11.16"]

1. d4 Nf6 2. c4 e6 3. Nc3 d5 4. Bg5 Nbd7 5. e3 c6 6. cxd5 exd5 7. Bd3 Be7 8.
Nf3 O-O 9. Qc2 Re8 10. h3 Nf8 11. O-O Ne4 12. Bf4 Nxc3 13. bxc3 Ng6 14. Bg3 Bd6
15. Bxd6 Qxd6 16. c4 Qf6 17. cxd5 Bxh3 18. dxc6 bxc6 19. Rfc1 Rac8 20. Qc5 Be6
21. Qg5 Red8 22. Qxf6 gxf6 23. Rc3 Ne7 24. a3 Rb8 25. Nd2 f5 26. g3 a5 27. Rc5
Rb2 28. Nc4 Rb5 29. Rxb5 cxb5 30. Nxa5 Ra8 31. Nb7 b4 32. a4 Nd5 33. Nc5 Nc3
34. a5 Bd5 35. a6 Ra7 36. Kh2 Ne4 37. Bxe4 fxe4 38. Ra4 b3 39. g4 f5 40. gxf5
Rf7 41. Rb4 Rxf5 42. Kg3 h5 43. a7 Rf3+ 44. Kg2 h4 45. Rxb3 h3+ 46. Kg1 Kh7 47.
Rb8 h2+ 48. Kh1 Rxf2 49. Rd8 Bc6 50. d5 Rd2 51. Nxe4 Rxd5 52. Nf6+ 1-0

[Event "Kandidatklassen"]
[Site "Taastrup"]
[Date "1998.??.??"]
[Round "3"]
[White "Antonsen, Mikkel"]
[Black "Hartvig, Ove Weiss"]
[Result "0-1"]
[WhiteElo "2405"]
[BlackElo "2270"]
[PlyCount "56"]
[EventDate "1998.??.??"]
[EventType "swiss"]
[EventRounds "7"]
[EventCountry "DEN"]
[Source "ChessBase"]
[SourceDate "1999.11.16"]

1. e4 d5 2. exd5 Nf6 3. d4 Nxd5 4. c4 Nb6 5. c5 Nd5 6. Nc3 g6 7. Bc4 Nxc3 8.
bxc3 Bg7 9. Qf3 O-O 10. Nh3 Bxd4 11. cxd4 Qxd4 12. O-O Qxc4 13. Bh6 Rd8 14.
Rad1 Nc6 15. Rxd8+ Nxd8 16. Nf4 c6 17. Qe3 Ne6 18. Rd1 f6 19. h4 Kf7 20. a3
Nxf4 21. Bxf4 Be6 22. f3 b5 23. cxb6 axb6 24. Rc1 Qa4 25. Bc7 Qxa3 26. Qh6 Kg8
27. Rxc6 Bd5 28. Rxb6 Qc5+ 0-1

[Event "Kandidatklassen"]
[Site "Taastrup"]
[Date "1998.??.??"]
[Round "4"]
[White "Friis, Carsten Bank"]
[Black "Fuglsang, Flemming"]
[Result "1/2-1/2"]
[WhiteElo "2285"]
[BlackElo "2280"]
[PlyCount "119"]
[EventDate "1998.??.??"]
[EventType "swiss"]
[EventRounds "7"]
[EventCountry "DEN"]
[Source "ChessBase"]
[SourceDate "1999.11.16"]

1. d4 Nf6 2. c4 c5 3. Nf3 cxd4 4. Nxd4 e5 5. Nb5 d5 6. cxd5 Bc5 7. e3 O-O 8.
N5c3 Qe7 9. Be2 e4 10. O-O Rd8 11. f3 exf3 12. Bxf3 Bxe3+ 13. Bxe3 Qxe3+ 14.
Kh1 Nbd7 15. Re1 Qg5 16. Qd2 h6 17. Qxg5 hxg5 18. g3 Nb6 19. Re5 g4 20. Bg2 Nc4
21. Re2 Bf5 22. Nd2 Nxb2 23. Nde4 Nxe4 24. Nxe4 Na4 25. Kg1 Rac8 26. Rf1 Bg6
27. Rf4 Rc1+ 28. Kf2 Nc3 29. Nxc3 Rxc3 30. Rd2 Rd6 31. Rxg4 a5 32. Bf1 Rc5 33.
Rgd4 Kf8 34. a4 Rc2 35. Rxc2 Bxc2 36. Ke3 Bb3 37. Ke4 Ke7 38. Ke5 Rh6 39. d6+
Rxd6 40. Rxd6 f6+ 41. Rxf6 gxf6+ 42. Kd4 Bxa4 43. Kc5 Bd7 44. Be2 b6+ 45. Kc4
b5+ 46. Kb3 f5 47. h4 Kd6 48. h5 Ke5 49. h6 Kf6 50. Bd3 Be6+ 51. Ka3 Bd7 52.
Kb3 b4 53. Bb1 Kg6 54. g4 Kxh6 55. gxf5 Kg5 56. Bd3 Bxf5 57. Bb5 Kf4 58. Ka4
Bc2+ 59. Kxa5 b3 60. Ba4 1/2-1/2

[Event "Kandidatklassen"]
[Site "Taastrup"]
[Date "1998.??.??"]
[Round "2"]
[White "Friis, Carsten Bank"]
[Black "Fries Nielsen, Jens Ove"]
[Result "1/2-1/2"]
[WhiteElo "2285"]
[BlackElo "2395"]
[PlyCount "52"]
[EventDate "1998.??.??"]
[EventType "swiss"]
[EventRounds "7"]
[EventCountry "DEN"]
[Source "ChessBase"]
[SourceDate "1999.11.16"]

1. d4 Nf6 2. c4 e6 3. Nf3 Bb4+ 4. Bd2 c5 5. Bxb4 cxb4 6. Nbd2 O-O 7. e3 d6 8.
Qb3 a5 9. Be2 Na6 10. O-O Re8 11. Rfd1 b6 12. a3 Bb7 13. axb4 Nxb4 14. Ne1 Qc7
15. Nd3 Nxd3 16. Bxd3 e5 17. d5 Nd7 18. Qc2 g6 19. Ne4 f5 20. Nc3 Nc5 21. Bf1
Rf8 22. f4 Rae8 23. Nb5 Qe7 24. Qc3 Ne4 25. Qa3 Ba6 26. fxe5 Bxb5 1/2-1/2

[Event "Kandidatklassen"]
[Site "Taastrup"]
[Date "1998.??.??"]
[Round "7"]
[White "Friis, Carsten Bank"]
[Black "Antonsen, Mikkel"]
[Result "1-0"]
[WhiteElo "2285"]
[BlackElo "2405"]
[PlyCount "81"]
[EventDate "1998.??.??"]
[EventType "swiss"]
[EventRounds "7"]
[EventCountry "DEN"]
[Source "ChessBase"]
[SourceDate "1999.11.16"]

1. e4 c5 2. g3 e6 3. Bg2 d5 4. exd5 exd5 5. d4 Nc6 6. dxc5 Be6 7. Ne2 Bxc5 8.
Nf4 Nge7 9. O-O O-O 10. Nc3 d4 11. Ne4 Bb6 12. Nxe6 fxe6 13. Ng5 Qd6 14. Qe2
Ne5 15. Bf4 N7g6 16. Qh5 h6 17. Qxg6 hxg5 18. Bxe5 Qxe5 19. Rae1 Qf5 20. Qxe6+
Qxe6 21. Rxe6 Rae8 22. Rxe8 Rxe8 23. Bxb7 Re2 24. Bd5+ Kf8 25. Bb3 Ke7 26. h3
Kf6 27. Kg2 d3 28. cxd3 Rxb2 29. Kf3 a5 30. Kg4 a4 31. Bc4 Bxf2 32. Kf3 Ba7 33.
Ke4+ Bf2 34. g4 a3 35. Bb3 Kg6 36. Kd5 Bg3 37. Rf8 Rd2 38. Kc6 Be5 39. Kb5 Bf6
40. Bd5 Rb2+ 41. Kc6 1-0

[Event "Kandidatklassen"]
[Site "Taastrup"]
[Date "1998.??.??"]
[Round "6"]
[White "Friis, Carsten Bank"]
[Black "Jakobsen, Lars Veno"]
[Result "1/2-1/2"]
[WhiteElo "2285"]
[BlackElo "2340"]
[PlyCount "73"]
[EventDate "1998.??.??"]
[EventType "swiss"]
[EventRounds "7"]
[EventCountry "DEN"]
[Source "ChessBase"]
[SourceDate "1999.11.16"]

1. f4 c5 2. Nf3 g6 3. e3 Bg7 4. d4 Nf6 5. Bd3 b6 6. O-O d5 7. c3 O-O 8. Nbd2
Bf5 9. Qc2 Bxd3 10. Qxd3 e6 11. e4 dxe4 12. Nxe4 cxd4 13. Nxf6+ Bxf6 14. Qe4
Na6 15. Nxd4 Nc5 16. Qe3 Qd5 17. Nc2 Rad8 18. Qh3 Qe4 19. Ne3 Rd3 20. Ng4 Bg7
21. Nf2 Rxh3 22. Nxe4 Rd3 23. Nxc5 bxc5 24. Kf2 Rb8 25. Ke2 Rd7 26. Rd1 Rd5 27.
Rxd5 exd5 28. Kd3 Bf8 29. b3 Kg7 30. Bd2 Kf6 31. Re1 Bd6 32. g3 Kf5 33. h3 h5
34. Rg1 Re8 35. c4 d4 36. a3 Rb8 37. b4 1/2-1/2

[Event "Kandidatklassen"]
[Site "Taastrup"]
[Date "1998.??.??"]
[Round "2"]
[White "Borbjerggaard, Lars"]
[Black "Larsen, Peter"]
[Result "1-0"]
[WhiteElo "2360"]
[BlackElo "2275"]
[PlyCount "75"]
[EventDate "1998.??.??"]
[EventType "swiss"]
[EventRounds "7"]
[EventCountry "DEN"]
[Source "ChessBase"]
[SourceDate "1999.11.16"]

1. d4 f5 2. Nf3 Nf6 3. g3 g6 4. Bg2 Bg7 5. O-O O-O 6. b3 d6 7. Bb2 Qe8 8. d5 c5
9. c4 h6 10. Nc3 Na6 11. Qd3 Bd7 12. Nd2 g5 13. e3 Nc7 14. f4 b5 15. Rae1 bxc4
16. bxc4 Qg6 17. Ba1 Rab8 18. Kh1 Rf7 19. e4 gxf4 20. gxf4 fxe4 21. Ndxe4 Bf5
22. Nxf6+ Bxf6 23. Be4 Rg7 24. Rg1 Bxe4+ 25. Nxe4 Qxg1+ 26. Rxg1 Rxg1+ 27. Kxg1
Bxa1 28. Ng3 Bd4+ 29. Kg2 Ne8 30. Qg6+ Ng7 31. Nf5 Rb2+ 32. Kh3 Bf6 33. Nxh6+
Kh8 34. Nf7+ Kg8 35. Nxd6 Rxa2 36. Ne4 Ra3+ 37. Kg4 Bd4 38. Ng5 1-0

[Event "Kandidatklassen"]
[Site "Taastrup"]
[Date "1998.??.??"]
[Round "5"]
[White "Borbjerggaard, Lars"]
[Black "El Kher, Henrik"]
[Result "1/2-1/2"]
[WhiteElo "2360"]
[BlackElo "2285"]
[PlyCount "137"]
[EventDate "1998.??.??"]
[EventType "swiss"]
[EventRounds "7"]
[EventCountry "DEN"]
[Source "ChessBase"]
[SourceDate "1999.11.16"]

1. d4 Nf6 2. c4 g6 3. Nc3 d5 4. cxd5 Nxd5 5. Na4 e5 6. dxe5 Bb4+ 7. Bd2 Ne3 8.
fxe3 Bxd2+ 9. Qxd2 Qh4+ 10. g3 Qxa4 11. Qd4 Qa5+ 12. b4 Qb6 13. Bg2 Nc6 14.
Bxc6+ Qxc6 15. Nf3 Be6 16. Kf2 a5 17. Rhc1 Qd7 18. bxa5 Rxa5 19. Qc3 b6 20.
Qxc7 Qxc7 21. Rxc7 O-O 22. Rb7 b5 23. Rb1 Bc4 24. Rb2 Rfa8 25. Nd4 Rxa2 26.
Rxa2 Rxa2 27. h4 h5 28. e4 Ra4 29. Ke3 b4 30. Kf4 b3 31. Nxb3 Bxe2 32. e6 fxe6
33. Nc5 Ra3 34. Rb3 Rxb3 35. Nxb3 Kf7 36. Ke5 Ke7 37. Nd4 Bd3 38. Nf3 Bb1 39.
Ng5 Bc2 40. Nh3 Bb3 41. Kf4 Kf6 42. e5+ Kg7 43. Ke4 Kf7 44. Kd4 Ba2 45. Kc5 Ke7
46. Kc6 Bb1 47. Nf4 Bc2 48. Ne2 Bb1 49. Nd4 Ba2 50. Kc7 Kf7 51. Kd6 g5 52. hxg5
Kg6 53. Nxe6 Kf5 54. Nf4 Kxg5 55. Nd5 h4 56. gxh4+ Kxh4 57. e6 Bb1 58. Nf4 Ba2
59. Nd5 Bb1 60. e7 Bg6 61. Ke6 Kg5 62. Nf6 Kh6 63. Ne4 Kg7 64. Nd6 Kg8 65. Kf6
Bh5 66. Ne4 Be8 67. Ke6 Kg7 68. Nd6 Bg6 69. Nf5+ 1/2-1/2

[Event "Kandidatklassen"]
[Site "Taastrup"]
[Date "1998.??.??"]
[Round "1"]
[White "Bromann, Thorbjorn"]
[Black "Friis, Carsten Bank"]
[Result "1/2-1/2"]
[WhiteElo "2245"]
[BlackElo "2285"]
[PlyCount "33"]
[EventDate "1998.??.??"]
[EventType "swiss"]
[EventRounds "7"]
[EventCountry "DEN"]
[Source "ChessBase"]
[SourceDate "1999.11.16"]

1. e4 d6 2. d4 g6 3. Nc3 Bg7 4. f4 c6 5. a4 Nd7 6. Nf3 e6 7. Bd3 Ne7 8. O-O O-O
9. Ne2 d5 10. e5 c5 11. c3 Nc6 12. b3 b6 13. Qe1 a5 14. Bb5 Na7 15. Bd3 Nc6 16.
Bb5 Na7 17. Bd3 1/2-1/2

[Event "Kandidatklassen"]
[Site "Taastrup"]
[Date "1998.??.??"]
[Round "6"]
[White "Bromann, Thorbjorn"]
[Black "Grabow, Pouelsten Holm"]
[Result "1-0"]
[WhiteElo "2245"]
[BlackElo "2240"]
[PlyCount "79"]
[EventDate "1998.??.??"]
[EventType "swiss"]
[EventRounds "7"]
[EventCountry "DEN"]
[Source "ChessBase"]
[SourceDate "1999.11.16"]

1. e4 e6 2. d4 d5 3. Nc3 Nf6 4. exd5 exd5 5. Bd3 Bd6 6. Bg5 c6 7. h3 h6 8. Be3
Qe7 9. Qf3 Be6 10. Nge2 g5 11. g4 Nbd7 12. O-O-O O-O-O 13. Ng3 Nb6 14. Kb1 Kb8
15. Bc1 Rde8 16. Ka1 Qd8 17. Nce2 Nc8 18. Qg2 Reg8 19. Rde1 h5 20. f3 Ne7 21.
Qf2 h4 22. Nf1 Qc7 23. f4 Ne4 24. Bxe4 dxe4 25. fxg5 Qa5 26. b3 Nd5 27. Bd2 Bb4
28. Nc1 Bc3+ 29. Bxc3 Qxc3+ 30. Kb1 c5 31. Ne2 Qb4 32. c4 Nb6 33. d5 Bd7 34.
Ne3 a5 35. Qf4+ Ka7 36. Nc2 Nxd5 37. cxd5 Qb6 38. Qxe4 Re8 39. Qf3 a4 40. Nc1
1-0

[Event "Kandidatklassen"]
[Site "Taastrup"]
[Date "1998.??.??"]
[Round "2"]
[White "Bromann, Thorbjorn"]
[Black "Fuglsang, Flemming"]
[Result "0-1"]
[WhiteElo "2245"]
[BlackElo "2280"]
[PlyCount "84"]
[EventDate "1998.??.??"]
[EventType "swiss"]
[EventRounds "7"]
[EventCountry "DEN"]
[Source "ChessBase"]
[SourceDate "1999.11.16"]

1. e4 c5 2. Nf3 Nc6 3. d4 cxd4 4. Nxd4 Nf6 5. Nc3 d6 6. Bg5 e6 7. Qd2 a6 8.
O-O-O Bd7 9. f4 Be7 10. Nf3 b5 11. Bxf6 gxf6 12. Bd3 Qb6 13. Rde1 b4 14. Nd1 a5
15. e5 a4 16. Ne3 fxe5 17. fxe5 d5 18. Kd1 b3 19. axb3 axb3 20. c3 Ra2 21. Ke2
Qa7 22. Bb1 Ra4 23. g3 h5 24. h4 d4 25. Nd1 Rg8 26. Nf2 dxc3 27. bxc3 Qa6+ 28.
Nd3 Rxg3 29. Rhg1 Rgg4 30. Qh6 Rae4+ 31. Kd2 Rxe1 32. Rxe1 Rg2+ 33. Re2 Rxe2+
34. Kxe2 Qc4 35. Kd2 Qg4 36. Qh8+ Bf8 37. Ng5 Na5 38. Nb2 Qg2+ 39. Kc1 Qf1+ 40.
Kd2 Qf2+ 41. Kc1 Qe1+ 42. Nd1 Nc4 0-1

[Event "Kandidatklassen"]
[Site "Taastrup"]
[Date "1998.??.??"]
[Round "4"]
[White "Bromann, Thorbjorn"]
[Black "Jakobsen, Lars Veno"]
[Result "1/2-1/2"]
[WhiteElo "2245"]
[BlackElo "2340"]
[PlyCount "86"]
[EventDate "1998.??.??"]
[EventType "swiss"]
[EventRounds "7"]
[EventCountry "DEN"]
[Source "ChessBase"]
[SourceDate "1999.11.16"]

1. e4 c5 2. Nf3 e6 3. d4 cxd4 4. Nxd4 a6 5. Bd3 Nf6 6. O-O Qc7 7. Kh1 d6 8. Bg5
Be7 9. f4 Nbd7 10. Qe2 b6 11. b4 Bb7 12. Nd2 Qc3 13. N2b3 Qxb4 14. c3 Qa3 15.
Bc2 h6 16. Bh4 d5 17. exd5 Nxd5 18. f5 e5 19. Ne6 Bxh4 20. c4 N5f6 21. c5 fxe6
22. fxe6 O-O 23. exd7 Qb4 24. Bf5 Qb5 25. Qxe5 Qc6 26. Qe2 bxc5 27. Rac1 Qb5
28. Qe6+ Kh8 29. Nxc5 Bg5 30. Bd3 Qc6 31. Rc2 Nxd7 32. Qxd7 Rxf1+ 33. Bxf1 Qxd7
34. Nxd7 Rd8 35. Rc7 Be4 36. Bxa6 Bf5 37. Bb5 Bf4 38. Ra7 Rc8 39. Bf1 Bxd7 40.
Rxd7 Rc1 41. g3 Rxf1+ 42. Kg2 Ra1 43. gxf4 Rxa2+ 1/2-1/2

[Event "Kandidatklassen"]
[Site "Taastrup"]
[Date "1998.??.??"]
[Round "4"]
[White "El Kher, Henrik"]
[Black "Hartvig, Ove Weiss"]
[Result "1-0"]
[WhiteElo "2285"]
[BlackElo "2270"]
[PlyCount "83"]
[EventDate "1998.??.??"]
[EventType "swiss"]
[EventRounds "7"]
[EventCountry "DEN"]
[Source "ChessBase"]
[SourceDate "1999.11.16"]

1. e4 d5 2. exd5 Nf6 3. c4 c6 4. d4 cxd5 5. Nc3 g6 6. Qb3 Bg7 7. cxd5 O-O 8.
Be2 Nbd7 9. Bf3 Nb6 10. Nge2 Bf5 11. O-O Qd7 12. a4 Bd3 13. d6 Bc4 14. Qb4 e6
15. Re1 Nfd5 16. Bxd5 Bxd5 17. Bf4 Bc6 18. a5 Nd5 19. Nxd5 Bxd5 20. Rac1 Bc6
21. Nc3 b6 22. a6 Rac8 23. Rcd1 Rfe8 24. h3 Rcd8 25. d5 exd5 26. Rxe8+ Rxe8 27.
Nxd5 h6 28. Rd2 g5 29. Ne7+ Kh8 30. Bg3 f5 31. Qc4 Bb5 32. Qf7 f4 33. Bh2 Kh7
34. h4 Rc8 35. Qg6+ Kh8 36. Nxc8 Qxc8 37. Rc2 Qd8 38. Rc7 Bd7 39. hxg5 hxg5 40.
Qf7 Qe8 41. Qxe8+ Bxe8 42. Rc8 1-0

[Event "Kandidatklassen"]
[Site "Taastrup"]
[Date "1998.??.??"]
[Round "1"]
[White "El Kher, Henrik"]
[Black "Holmsgaard, Henrik"]
[Result "1-0"]
[WhiteElo "2285"]
[BlackElo "2330"]
[PlyCount "69"]
[EventDate "1998.??.??"]
[EventType "swiss"]
[EventRounds "7"]
[EventCountry "DEN"]
[Source "ChessBase"]
[SourceDate "1999.11.16"]

1. e4 c5 2. Nf3 Nc6 3. d4 cxd4 4. Nxd4 Nf6 5. Nc3 e5 6. Ndb5 d6 7. Bg5 a6 8.
Na3 b5 9. Bxf6 gxf6 10. Nd5 f5 11. Bd3 Be6 12. O-O Bxd5 13. exd5 Ne7 14. c3 Bg7
15. Qh5 Qd7 16. Rad1 Rc8 17. Bb1 Rc5 18. Nc2 f4 19. g3 Rxd5 20. gxf4 e4 21.
Rxd5 Nxd5 22. f5 Be5 23. Ne3 Nf4 24. Qh4 d5 25. Rd1 Qc6 26. Bxe4 O-O 27. Rxd5
Nxd5 28. Nxd5 Kh8 29. f6 Rg8+ 30. Kh1 Rg6 31. Bxg6 fxg6 32. Qe4 Qd6 33. f4 Bxf6
34. Nxf6 Qxf6 35. Qd4 1-0

[Event "Kandidatklassen"]
[Site "Taastrup"]
[Date "1998.??.??"]
[Round "2"]
[White "El Kher, Henrik"]
[Black "Antonsen, Mikkel"]
[Result "1/2-1/2"]
[WhiteElo "2285"]
[BlackElo "2405"]
[PlyCount "74"]
[EventDate "1998.??.??"]
[EventType "swiss"]
[EventRounds "7"]
[EventCountry "DEN"]
[Source "ChessBase"]
[SourceDate "1999.11.16"]

1. e4 c5 2. Nf3 Nc6 3. d4 cxd4 4. Nxd4 Nf6 5. Nc3 e5 6. Ndb5 d6 7. Bg5 a6 8.
Na3 b5 9. Bxf6 gxf6 10. Nd5 f5 11. Bd3 Be6 12. O-O Bxd5 13. exd5 Ne7 14. c3 Qd7
15. Qh5 Rg8 16. Rad1 Rg6 17. Bb1 Rh6 18. Qe2 Bg7 19. h3 Kf8 20. f4 Kg8 21. Nc2
Kh8 22. fxe5 Bxe5 23. Ne3 Rg8 24. Rf3 Qa7 25. Qf2 Rhg6 26. Kh1 Rg3 27. Nf1 Qxf2
28. Rxf2 R3g7 29. Ne3 f4 30. Nf5 Nxf5 31. Bxf5 Rg3 32. Rd3 a5 33. Be4 Rc8 34.
a3 b4 35. axb4 axb4 36. Bf3 b3 37. Rf1 Rgg8 1/2-1/2

[Event "Kandidatklassen"]
[Site "Taastrup"]
[Date "1998.??.??"]
[Round "5"]
[White "Fries Nielsen, Jens Ove"]
[Black "Hartvig, Ove Weiss"]
[Result "1-0"]
[WhiteElo "2395"]
[BlackElo "2270"]
[PlyCount "75"]
[EventDate "1998.??.??"]
[EventType "swiss"]
[EventRounds "7"]
[EventCountry "DEN"]
[Source "ChessBase"]
[SourceDate "1999.11.16"]

1. e4 c6 2. d4 d5 3. e5 c5 4. dxc5 Nc6 5. Bb5 e6 6. Nh3 Bxc5 7. O-O Nge7 8. Nd2
Bd7 9. Bxc6 Bxc6 10. Nb3 Bb6 11. Bg5 Qc7 12. Bxe7 Qxe7 13. Qg4 O-O-O 14. c3 h5
15. Qf4 Rdg8 16. Nd4 Bd7 17. Ng5 f6 18. Ngf3 Bc7 19. Rfe1 h4 20. Qe3 f5 21. Ng5
Bd8 22. f4 Qe8 23. a4 Qg6 24. a5 Bxg5 25. fxg5 Kb8 26. a6 b6 27. c4 Rh5 28.
cxd5 Rxg5 29. dxe6 Rxg2+ 30. Kh1 h3 31. Qf3 Bc8 32. Rec1 Bxa6 33. Rxa6 Qh6 34.
Raa1 Qd2 35. Qxh3 Rf2 36. Nc6+ Kc8 37. Nxa7+ Kd8 38. Rd1 1-0

[Event "Kandidatklassen"]
[Site "Taastrup"]
[Date "1998.??.??"]
[Round "4"]
[White "Fries Nielsen, Jens Ove"]
[Black "Hoiberg, Nina"]
[Result "1-0"]
[WhiteElo "2395"]
[BlackElo "2290"]
[PlyCount "95"]
[EventDate "1998.??.??"]
[EventType "swiss"]
[EventRounds "7"]
[EventCountry "DEN"]
[Source "ChessBase"]
[SourceDate "1999.11.16"]

1. Nf3 Nc6 2. d4 d5 3. g3 Bf5 4. Bg2 Nb4 5. Na3 c6 6. c3 Na6 7. O-O e6 8. Nb1
Nf6 9. Nh4 Bxb1 10. Rxb1 Be7 11. Nf3 O-O 12. c4 dxc4 13. Ne5 Qa5 14. a3 Qb5 15.
Qc2 Rad8 16. e3 c5 17. a4 Qb3 18. Qxb3 cxb3 19. Bxb7 Nb4 20. a5 Nfd5 21. Bd2
cxd4 22. e4 Nf6 23. a6 Rde8 24. Ra1 Nc2 25. Ra5 Bd6 26. Nd3 Nd7 27. Rb5 Nb6 28.
e5 Be7 29. Rxb3 Nc4 30. Rd1 Rb8 31. Rb5 f6 32. Bf4 fxe5 33. Bxe5 Nxe5 34. Nxe5
Rf5 35. f4 g5 36. Rd2 d3 37. Rxd3 gxf4 38. gxf4 Bh4 39. Bd5 Re8 40. Rb8 Rxb8
41. Bxe6+ Kh8 42. Bxf5 Rf8 43. Rd7 Rxf5 44. Nf7+ Rxf7 45. Rxf7 Nb4 46. Rxa7 Bf6
47. Ra8+ Kg7 48. a7 1-0

[Event "Kandidatklassen"]
[Site "Taastrup"]
[Date "1998.??.??"]
[Round "3"]
[White "Fries Nielsen, Jens Ove"]
[Black "Holmsgaard, Henrik"]
[Result "1/2-1/2"]
[WhiteElo "2395"]
[BlackElo "2330"]
[PlyCount "38"]
[EventDate "1998.??.??"]
[EventType "swiss"]
[EventRounds "7"]
[EventCountry "DEN"]
[Source "ChessBase"]
[SourceDate "1999.11.16"]

1. e4 c5 2. Nf3 Nc6 3. Bb5 e6 4. O-O Nge7 5. b3 Ng6 6. Bb2 f6 7. d4 cxd4 8.
Nxd4 Bc5 9. c3 O-O 10. Ba3 Qb6 11. Bxc5 Qxc5 12. a4 a5 13. Qd2 b6 14. Na3 Bb7
15. Nac2 Rac8 16. Rac1 Nb8 17. Bxd7 Nxd7 18. Nxe6 Qe7 19. Nxf8 Rxf8 1/2-1/2

[Event "Kandidatklassen"]
[Site "Taastrup"]
[Date "1998.??.??"]
[Round "1"]
[White "Fuglsang, Flemming"]
[Black "Fries Nielsen, Jens Ove"]
[Result "1/2-1/2"]
[WhiteElo "2280"]
[BlackElo "2395"]
[PlyCount "135"]
[EventDate "1998.??.??"]
[EventType "swiss"]
[EventRounds "7"]
[EventCountry "DEN"]
[Source "ChessBase"]
[SourceDate "1999.11.16"]

1. e4 g6 2. d4 Bg7 3. Nc3 c6 4. Nf3 d5 5. h3 Nh6 6. Bf4 f6 7. Qd2 Nf7 8. exd5
cxd5 9. Bb5+ Nc6 10. O-O O-O 11. Rfe1 g5 12. Bg3 e6 13. Rad1 Ne7 14. Bd3 Nf5
15. Ne2 N7d6 16. Bxd6 Qxd6 17. c3 h5 18. Qc2 h4 19. c4 dxc4 20. Bxc4 b5 21. Bb3
Kh8 22. Nc3 Qb6 23. Qe4 Bb7 24. Qg4 Rae8 25. Ne4 Nh6 26. Qh5 Qc7 27. Nc5 Bxf3
28. Qxf3 Re7 29. Qh5 Qd6 30. Qg6 Rfe8 31. Bc2 f5 32. Qxg5 Rf8 33. Nd3 Rf6 34.
Nf4 Kh7 35. Qxh4 Bh8 36. Re5 Rf8 37. Rxb5 Bf6 38. Qg3 Rg7 39. Qf3 Rfg8 40. g3
Rg5 41. d5 e5 42. Nh5 Be7 43. h4 e4 44. Bxe4 Rxh5 45. Qxh5 fxe4 46. Rb3 Bd8 47.
Re1 Bb6 48. Rxb6 Qxb6 49. Qe5 Qxf2+ 50. Kxf2 Ng4+ 51. Kg2 Nxe5 52. Rxe4 Nd3 53.
Re7+ Kg6 54. Rxa7 Kf5 55. Rf7+ Ke5 56. h5 Nxb2 57. h6 Kxd5 58. h7 Rh8 59. g4
Ke6 60. Rb7 Nc4 61. g5 Kf5 62. Rg7 Ne5 63. a4 Ng6 64. a5 Nf4+ 65. Kf1 Ne6 66.
Rb7 Nxg5 67. a6 Nxh7 68. a7 1/2-1/2

[Event "Kandidatklassen"]
[Site "Taastrup"]
[Date "1998.??.??"]
[Round "3"]
[White "Fuglsang, Flemming"]
[Black "El Kher, Henrik"]
[Result "0-1"]
[WhiteElo "2280"]
[BlackElo "2285"]
[PlyCount "86"]
[EventDate "1998.??.??"]
[EventType "swiss"]
[EventRounds "7"]
[EventCountry "DEN"]
[Source "ChessBase"]
[SourceDate "1999.11.16"]

1. c4 Nf6 2. Nc3 c5 3. g3 e6 4. Nf3 b6 5. Bg2 Bb7 6. O-O a6 7. d4 cxd4 8. Qxd4
d6 9. Bg5 Nbd7 10. Rfd1 Be7 11. Bxf6 Nxf6 12. Ng5 Bxg2 13. Kxg2 Qc7 14. Nge4
O-O 15. Rac1 Rfd8 16. f3 Rac8 17. Qe3 Qb7 18. Nxf6+ Bxf6 19. Ne4 Be7 20. Qb3 h6
21. Rc2 Rc6 22. h4 Qc7 23. Rdc1 Rc8 24. Rc3 f5 25. Nf2 Bf6 26. R3c2 d5 27. Qe3
dxc4 28. b3 b5 29. Nd3 Qd6 30. bxc4 bxc4 31. Nf4 Bd4 32. Qd2 e5 33. Nh3 Qf6 34.
Qa5 c3 35. Rb1 f4 36. Qd5+ Kh8 37. Rh1 Qg6 38. Ng5 Qxc2 39. Nf7+ Kh7 40. Ng5+
Kh8 41. Nf7+ Kh7 42. Ng5+ hxg5 43. hxg5+ Kg6 0-1

[Event "Kandidatklassen"]
[Site "Taastrup"]
[Date "1998.??.??"]
[Round "5"]
[White "Fuglsang, Flemming"]
[Black "Pedersen, Daniel Vesterbaek"]
[Result "1-0"]
[WhiteElo "2280"]
[BlackElo "2250"]
[PlyCount "123"]
[EventDate "1998.??.??"]
[EventType "swiss"]
[EventRounds "7"]
[EventCountry "DEN"]
[Source "ChessBase"]
[SourceDate "1999.11.16"]

1. e4 c6 2. d4 d5 3. exd5 cxd5 4. Bd3 Nc6 5. c3 g6 6. Bf4 Bg7 7. Nd2 Nf6 8.
Ngf3 O-O 9. h3 a6 10. O-O Bf5 11. Bxf5 gxf5 12. Ne5 Nxe5 13. Bxe5 e6 14. a4 Kh8
15. a5 Rg8 16. Re1 Ne4 17. Nf3 Bxe5 18. Nxe5 Rg7 19. f3 Qg5 20. Re2 Ng3 21. Rf2
f4 22. Qd2 Nf5 23. Nd3 Ne3 24. Re1 Rag8 25. Nxf4 Nc4 26. Qc1 Nxa5 27. Re5 Qh4
28. Rh5 Qg3 29. Nd3 Nc4 30. Qh6 Qg6 31. Nf4 Qg3 32. Qf6 Ne3 33. Re5 Nf5 34. Nh5
Qg6 35. Qxg6 Rxg6 36. Nf4 Rg5 37. g4 Nd6 38. Rxg5 Rxg5 39. Nh5 Rg8 40. Nf6 Rc8
41. Rf1 Nc4 42. Rf2 Rc6 43. Nd7 a5 44. f4 a4 45. f5 exf5 46. gxf5 Rd6 47. Nc5
b5 48. f6 h6 49. h4 h5 50. Nd3 Re6 51. Rf5 Ne3 52. Rxh5+ Kg8 53. Rg5+ Kh8 54.
Re5 Rxe5 55. Nxe5 Nd1 56. Nxf7+ Kg8 57. Ng5 Nxb2 58. h5 a3 59. h6 a2 60. f7+
Kf8 61. h7 a1=Q+ 62. Kg2 1-0

[Event "Kandidatklassen"]
[Site "Taastrup"]
[Date "1998.??.??"]
[Round "1"]
[White "Grabow, Pouelsten Holm"]
[Black "Husted, Peter"]
[Result "1-0"]
[WhiteElo "2240"]
[BlackElo "2160"]
[PlyCount "117"]
[EventDate "1998.??.??"]
[EventType "swiss"]
[EventRounds "7"]
[EventCountry "DEN"]
[Source "ChessBase"]
[SourceDate "1999.11.16"]

1. c4 c6 2. Nc3 d5 3. d4 Nf6 4. Nf3 dxc4 5. a4 Na6 6. e3 Bg4 7. Bxc4 e6 8. O-O
Be7 9. Qb3 Bxf3 10. gxf3 Nb4 11. a5 O-O 12. Rd1 Qc7 13. e4 b5 14. axb6 axb6 15.
Be3 Qb7 16. Rxa8 Rxa8 17. d5 exd5 18. exd5 cxd5 19. Nxd5 Nbxd5 20. Bxd5 Nxd5
21. Qxd5 Qxd5 22. Rxd5 Bc5 23. Bxc5 bxc5 24. Rxc5 Ra1+ 25. Kg2 g6 26. b4 Rb1
27. b5 Kg7 28. f4 f5 29. Kf3 Rb3+ 30. Ke2 Kh6 31. Kd2 Kh5 32. Kc2 Rb4 33. Kc3
Rb1 34. Kc4 Kg4 35. Rd5 Kxf4 36. Rd3 Ke5 37. Rb3 Rc1+ 38. Rc3 Rf1 39. b6 Kd6
40. Rb3 Rc1+ 41. Kb5 Kd7 42. Rb4 Rc2 43. Rd4+ Kc8 44. Rc4+ Rxc4 45. Kxc4 Kb7
46. Kc5 f4 47. h4 f3 48. Kb5 Kb8 49. Kc6 Kc8 50. Kd5 Kb7 51. Ke4 Kxb6 52. Kxf3
Kc6 53. Kf4 Kd6 54. Kg5 Ke6 55. Kh6 Kf6 56. f3 Ke6 57. Kxh7 Kf7 58. f4 Kf6 59.
Kg8 1-0